00530nam a2200181Ii 45000010005000000030009000050080041000140400033000550410008000880820018000961000024001142450049001382640068001873000012002553360026002673370028002933380027003217047CO-ViMGA241108s9999||||xx |||||||||||||| ||und|| aCO-ViMGAbspaerdacCO-ViMGA0 aunk04a891.853-S572c1 aEnrique Sienkiewicz10a casa solariega :bLa familia polaniecki 1a[Lugar de publicación no identificado] : Ramón Sopena, 1959 avolumen atextbtxt2rdacontent aunmediatedbn2rdamedia avolumebnc2rdacarrier